000 00595nam a2200121Ia 4500
008 220615s9999||||xx |||||||||||||| ||und||
245 0 _aSurveying Ethnic Minorities and Immigrant Populations
_bMethodological Challenges and Research Strategies
546 _aEnglish[eng]
650 _asociology||Denmark||Ethnic group||Field research||Minority group||Questionnaire||Spain||Switzerland
700 _aMéndez, Mónica||Font, Joan
856 _uhttps://library.oapen.org/bitstream/20.500.12657/33868/1/450851.pdf||https://library.oapen.org/bitstream/20.500.12657/33868/1/450851.pdf
942 _cEB
999 _c15343
_d15343